Pius XII. a druhá svetová vojna podľa vatikánskych archívov

Bibliographic Details
Main Author: Mulík, Peter, 1957- (Author)
Format: Article
Language:Slovak
Subjects:

MARC

LEADER 00000nab a2200000 a 4500
001 vtls008844665
003 SK-MaSNL
005 20260304140853.0
008 250505c2003 xo |||| |o| 000 b|slo
015 |a SNBRB2006/08  |2 snkbucl 
035 |a (uuid)03153380-7513-46b1-b531-47781aa60d08 
035 |a urn:nbn:sk:snk-ab9vjc 
035 |a (urnnbn)urn:nbn:sk:snk:ar-a090rf 
038 |a SNKBUCL 
040 |a SNKBUCL  |b slo  |c SNKBUCL  |e AACR2 
041 0 |a slo 
044 |a xo  |c SK 
080 |a 94(100)"1939/1945":355.48:262.13  |x (048)  |2 1997 
080 |a 262.13  |x (048)  |2 1997 
080 |a 355.48  |x "1939/1945"  |x (048)  |2 1997 
100 1 |a Mulík, Peter,  |d 1957-  |4 aut  |9 104597 
245 1 0 |a Pius XII. a druhá svetová vojna podľa vatikánskych archívov  |c Peter Mulík 
600 1 7 |a Pius  |b XII.,  |c pápež,  |d 1876-1958  |2 SNK  |9 113090 
648 7 |a 1939-1945  |2 snkbucl  |9 281648 
650 0 7 |a archívne dokumenty  |2 snkbucl  |9 78548 
650 0 7 |a druhá svetová vojna (1939-1945)  |z Vatikán  |x stanoviská  |x archiválie  |x recenzie  |2 snkbucl  |9 176610 
651 7 |a Vatikán  |x dejiny  |2 snkbucl  |9 85869 
655 7 |a recenzie  |2 snkbucl  |9 21907 
773 0 |t Historický zborník 13  |g Č. 1-2 (2003), s. 217-219  |x 1335-8723 
787 0 8 |i Rec.:  |a Blet, Pierre, 1918-  |t Pius XII. a druhá svetová vojna podľa vatikánskych archívov  |d Bratislava : Kalligram, 2002  |z 807149464X 
850 |a Slovenská národná knižnica 
852 |a Slovenská národná knižnica 
954 |a odborná, vedecká literatúra pôvodná (slovenská)  |2 lita 
958 |a article13 
958 |a OND 
958 |a RC 
958 |a VI 
958 |a NT 
958 |a EUIPO 
999 |c 2916640  |d 2918570